<?xml version="1.0" encoding="UTF-8"?>
<record
    xmlns:xsi="http://www.w3.org/2001/XMLSchema-instance"
    xsi:schemaLocation="http://www.loc.gov/MARC21/slim http://www.loc.gov/standards/marcxml/schema/MARC21slim.xsd"
    xmlns="http://www.loc.gov/MARC21/slim">

  <leader>01255nam a2200241Ia 4500</leader>
  <datafield tag="999" ind1=" " ind2=" ">
    <subfield code="c">49169</subfield>
    <subfield code="d">49169</subfield>
  </datafield>
  <controlfield tag="001">16080</controlfield>
  <controlfield tag="003">GE_BSU</controlfield>
  <controlfield tag="005">20241204164733.0</controlfield>
  <controlfield tag="008">181216s2010||||ge |||||||||||||| ||geo||</controlfield>
  <datafield tag="040" ind1=" " ind2=" ">
    <subfield code="c">GE_BSU</subfield>
  </datafield>
  <datafield tag="041" ind1=" " ind2=" ">
    <subfield code="a">geo</subfield>
  </datafield>
  <datafield tag="080" ind1=" " ind2=" ">
    <subfield code="a">577.34(075.8) &#x10EA;-78</subfield>
  </datafield>
  <datafield tag="100" ind1=" " ind2=" ">
    <subfield code="a">&#x10EA;&#x10D8;&#x10EA;&#x10E5;&#x10D8;&#x10E8;&#x10D5;&#x10D8;&#x10DA;&#x10D8;, &#x10DB;&#x10D0;&#x10E0;&#x10D0;&#x10E2; </subfield>
    <subfield code="9">23856</subfield>
  </datafield>
  <datafield tag="245" ind1=" " ind2=" ">
    <subfield code="a">&#x10E0;&#x10D0;&#x10D3;&#x10D8;&#x10DD;&#x10D1;&#x10D8;&#x10DD;&#x10DA;&#x10DD;&#x10D2;&#x10D8;&#x10D8;&#x10E1; &#x10D3;&#x10D0; &#x10E0;&#x10D0;&#x10D3;&#x10D8;&#x10D0;&#x10EA;&#x10D8;&#x10E3;&#x10DA;&#x10D8; &#x10D4;&#x10D9;&#x10DD;&#x10DA;&#x10DD;&#x10D2;&#x10D8;&#x10D8;&#x10E1; &#x10E1;&#x10D0;&#x10E4;&#x10E3;&#x10EB;&#x10D5;&#x10DA;&#x10D4;&#x10D1;&#x10D8; ; &#x10E2;. I  :</subfield>
    <subfield code="b">&#x10E0;&#x10D0;&#x10D3;&#x10D8;&#x10DD;&#x10D1;&#x10D8;&#x10DD;&#x10DA;&#x10DD;&#x10D2;&#x10D8;&#x10D8;&#x10E1; &#x10E1;&#x10D0;&#x10E1;&#x10EC;&#x10D0;&#x10D5;&#x10DA;&#x10DD; &#x10D9;&#x10E3;&#x10E0;&#x10E1;&#x10D8; &#x10D9;&#x10DD;&#x10DA;&#x10D4;&#x10EF;&#x10D4;&#x10D1;&#x10D8;&#x10E1;&#x10D0; &#x10D3;&#x10D0; &#x10E3;&#x10DC;&#x10D8;&#x10D5;&#x10D4;&#x10E0;&#x10E1;&#x10D8;&#x10E2;&#x10D4;&#x10E2;&#x10D4;&#x10D1;&#x10D8;&#x10E1;&#x10D0;&#x10D7;&#x10D5;&#x10D8;&#x10E1;.</subfield>
  </datafield>
  <datafield tag="264" ind1=" " ind2=" ">
    <subfield code="a">&#x10D7;&#x10D1;&#x10D8;&#x10DA;&#x10D8;&#x10E1;&#x10D8; :</subfield>
    <subfield code="b">[&#x10D2;.&#x10D2;],</subfield>
    <subfield code="c">2010.</subfield>
  </datafield>
  <datafield tag="300" ind1=" " ind2=" ">
    <subfield code="a">309 &#x10D2;&#x10D5;. :</subfield>
    <subfield code="b">&#x10D8;&#x10DA;. ;</subfield>
    <subfield code="c">27 &#x10E1;&#x10DB;. </subfield>
  </datafield>
  <datafield tag="500" ind1=" " ind2=" ">
    <subfield code="a">&#x10D3;&#x10D0;&#x10DC;&#x10D0;&#x10E0;&#x10D7;&#x10D8; &#x10D2;&#x10D5;. 297-304</subfield>
  </datafield>
  <datafield tag="653" ind1=" " ind2=" ">
    <subfield code="a">&#x10E0;&#x10D0;&#x10D3;&#x10D8;&#x10DD;&#x10D1;&#x10D8;&#x10DD;&#x10DA;&#x10DD;&#x10D2;&#x10D8;&#x10D0;</subfield>
  </datafield>
  <datafield tag="700" ind1=" " ind2=" ">
    <subfield code="a">&#x10DB;&#x10D0;&#x10DB;&#x10D0;&#x10D2;&#x10D4;&#x10D8;&#x10E8;&#x10D5;&#x10D8;&#x10DA;&#x10D8;, &#x10D8;&#x10DC;&#x10D2;&#x10D0;</subfield>
    <subfield code="e">&#x10D0;&#x10D5;&#x10E2;&#x10DD;&#x10E0;&#x10D8;</subfield>
    <subfield code="9">23857</subfield>
  </datafield>
  <datafield tag="700" ind1=" " ind2=" ">
    <subfield code="a">&#x10E5;&#x10D0;&#x10E0;&#x10E9;&#x10D0;&#x10D5;&#x10D0;, &#x10D2;&#x10E3;&#x10DA;&#x10DC;&#x10D0;&#x10E0;&#x10D0;</subfield>
    <subfield code="e">&#x10D0;&#x10D5;&#x10E2;&#x10DD;&#x10E0;&#x10D8;</subfield>
    <subfield code="9">23858</subfield>
  </datafield>
  <datafield tag="710" ind1=" " ind2=" ">
    <subfield code="a">&#x10E1;&#x10D0;&#x10E5;&#x10D0;&#x10E0;&#x10D7;&#x10D5;&#x10D4;&#x10DA;&#x10DD;&#x10E1; &#x10D4;&#x10D9;&#x10DD;&#x10DA;&#x10DD;&#x10D2;&#x10D8;&#x10E3;&#x10E0; &#x10DB;&#x10D4;&#x10EA;&#x10DC;&#x10D8;&#x10D4;&#x10E0;&#x10D4;&#x10D1;&#x10D0;&#x10D7;&#x10D0; &#x10D0;&#x10D9;&#x10D0;&#x10D3;&#x10D4;&#x10DB;&#x10D8;&#x10D0;</subfield>
    <subfield code="9">23859</subfield>
  </datafield>
  <datafield tag="942" ind1=" " ind2=" ">
    <subfield code="c">BK</subfield>
    <subfield code="2">udc</subfield>
  </datafield>
  <datafield tag="952" ind1=" " ind2=" ">
    <subfield code="0">0</subfield>
    <subfield code="1">0</subfield>
    <subfield code="2">udc</subfield>
    <subfield code="4">0</subfield>
    <subfield code="6">577340758_&#x10EA;78</subfield>
    <subfield code="7">0</subfield>
    <subfield code="9">65258</subfield>
    <subfield code="a">CPL</subfield>
    <subfield code="b">CPL</subfield>
    <subfield code="c">GEN</subfield>
    <subfield code="d">2018-12-17</subfield>
    <subfield code="o">577.34(075.8) &#x10EA;-78</subfield>
    <subfield code="p">27501</subfield>
    <subfield code="r">2018-12-17</subfield>
    <subfield code="t">27501</subfield>
    <subfield code="w">2018-12-17</subfield>
    <subfield code="y">BK</subfield>
  </datafield>
</record>
